<?xml version="1.0" encoding="UTF-8"?>
<collection xmlns="http://www.loc.gov/MARC21/slim">
 <record>
  <leader>00810nam a2200169 a 4500</leader>
  <controlfield tag="001">1/40508</controlfield>
  <controlfield tag="008">101019s2007    gr a          00010 gre d</controlfield>
  <datafield tag="035" ind1=" " ind2=" ">
   <subfield code="l">43270</subfield>
  </datafield>
  <datafield tag="040" ind1=" " ind2=" ">
   <subfield code="a">GR-PeUP</subfield>
  </datafield>
  <datafield tag="082" ind1="0" ind2="0">
   <subfield code="a">060 ΙΔΡ</subfield>
  </datafield>
  <datafield tag="110" ind1="2" ind2=" ">
   <subfield code="a">Ίδρυμα &quot;Κωνσταντίνος Γ. Καραμανλής&quot;.</subfield>
  </datafield>
  <datafield tag="245" ind1="1" ind2="3">
   <subfield code="a">Ίδρυμα &quot;Κωνσταντίνος Γ. Καραμανλής&quot; =</subfield>
   <subfield code="b">&quot;Konstantinos G. Karamanlis&quot; Foundation /</subfield>
   <subfield code="c">Ίδρυμα Κωνσταντίνος Γ. Καραμανλής.</subfield>
  </datafield>
  <datafield tag="260" ind1="0" ind2=" ">
   <subfield code="a">Αθήνα :</subfield>
   <subfield code="b">IKK,</subfield>
   <subfield code="c">2007.</subfield>
  </datafield>
  <datafield tag="300" ind1=" " ind2=" ">
   <subfield code="a">52 σ. :</subfield>
   <subfield code="b">εικ. ;</subfield>
   <subfield code="c">30 εκ.</subfield>
  </datafield>
  <datafield tag="600" ind1="1" ind2="4">
   <subfield code="a">Καραμανλής Κωνσταντίνος,</subfield>
   <subfield code="d">1907-1998.</subfield>
  </datafield>
  <datafield tag="610" ind1="2" ind2="4">
   <subfield code="a">Ίδρυμα &quot;Κωνσταντίνος Γ. Καραμανλής&quot;.</subfield>
  </datafield>
  <datafield tag="852" ind1=" " ind2=" ">
   <subfield code="a">INST</subfield>
   <subfield code="b">UNIPILB</subfield>
   <subfield code="c">MAIN</subfield>
   <subfield code="e">20101019</subfield>
   <subfield code="h">060 ΙΔΡ</subfield>
   <subfield code="p">00158752</subfield>
   <subfield code="q">00158752</subfield>
   <subfield code="t">LOAN</subfield>
   <subfield code="y">0</subfield>
   <subfield code="4">1</subfield>
  </datafield>
 </record>
</collection>
